Mineralogy and stratigraphy of the lower part of the Pierre Shale, South Dakota and Nebraska.
"Mineralogical data that clarify stratigraphic relations of the Gregory and Crow Creek Members."
| Main Author: | |
|---|---|
| Format: | Government Document Book |
| Language: | English |
| Published: |
Washington :
U.S. Govt. Print. Off,
1965.
|
| Series: | Professional paper (Geological Survey (U.S.)) ;
392-B. Studies of the Pierre Shale in the northern Great Plains. |
| Subjects: |
MARC
| Tag | First Indicator | Second Indicator | Subfields |
|---|---|---|---|
| LEADER | 00000cam a2200000I 4500 | ||
| 001 | in00002784859 | ||
| 005 | 20151202171853.0 | ||
| 008 | 760921s1965 dcu b f000 0 eng d | ||
| 035 | |a (OCoLC)ocm02454284 | ||
| 035 | |a (OCoLC)2454284 | ||
| 040 | |a CSU |c CSU |d OCL |d IAS |d OCL |d OCLCQ |d MTG |d ZEM |d NRU |d UtOrBLW | ||
| 043 | |a n-us-sd |a n-us-nb | ||
| 049 | |a TXAM | ||
| 050 | 4 | |a QE75 |b .P9 no.392-B | |
| 082 | 0 | 4 | |a 557.3 |b U58p no. 392-B |
| 086 | 0 | |a I 19.16:392-B | |
| 100 | 1 | |a Schultz, Leonard Gene, |d 1926- | |
| 245 | 1 | 0 | |a Mineralogy and stratigraphy of the lower part of the Pierre Shale, South Dakota and Nebraska. |
| 264 | 1 | |a Washington : |b U.S. Govt. Print. Off, |c 1965. | |
| 300 | |a 19 pages ; |c 29 cm. | ||
| 336 | |a text |b txt |2 rdacontent | ||
| 337 | |a unmediated |b n |2 rdamedia | ||
| 338 | |a volume |b nc |2 rdacarrier | ||
| 490 | 1 | |a Geological Survey (U.S.). Professional paper, .v 392-B | |
| 504 | |a Bibliography: pages 18-19. | ||
| 520 | |a "Mineralogical data that clarify stratigraphic relations of the Gregory and Crow Creek Members." | ||
| 650 | 0 | |a Geology, Stratigraphic |y Cretaceous. | |
| 650 | 0 | |a Geology |z South Dakota. | |
| 650 | 0 | |a Geology |z Nebraska. | |
| 650 | 0 | |a Shale |z South Dakota. | |
| 650 | 0 | |a Shale |z Nebraska. | |
| 830 | 0 | |a Professional paper (Geological Survey (U.S.)) ; |v 392-B. | |
| 830 | 0 | |a Studies of the Pierre Shale in the northern Great Plains. | |
| 948 | |a cataloged |b h |c 2012/12/14 |d c |e mvaldespin |f 11:15:56 am | ||
| 994 | |a C0 |b TXA | ||
| 999 | |a MARS | ||
| 999 | f | f | |s 33d9e8fb-c937-331e-8b84-009dc91a53dc |i 0fdceb78-a21f-3ce7-8a2a-f0ce1ef00e3e |t 0 |
| 952 | f | f | |p normal |a Texas A&M University |b College Station |c Sterling C. Evans Library |d Evans: US Documents (Annex 5th floor) |t 0 |e I 19.16:390-394 |h Superintendent of Documents classification |i unmediated -- volume |m A14814289809 |
| 952 | f | f | |a Texas A&M University |b College Station |c Sterling C. Evans Library |d Evans: US Documents (Annex 5th floor) |t 0 |e I 19.16:390-394 |h Superintendent of Documents classification |
| 998 | f | f | |a I 19.16:390-394 |t 0 |l Evans: US Documents (Annex 5th floor) |